BTS Members - Statistics

General Stats
  • This quiz has been taken 217 times
  • The average score is 7 of 7
Answer Stats
Hint Answer % Correct
Leader RM
99%
Lie, Filter, Serendipity Jimin
98%
Oldest Member Jin
98%
Youngest Member Jungkook
98%
Agust D Suga
98%
Main Dancer JHope
97%
Hwarang V
97%
No matching quizzes found
Score Distribution
Percent of People with Each Score
Percentile by Number Answered
Your Score History
You have not taken this quiz